000 00352nam a2200145Ia 4500
008 220531s9999 xx 000 0 und d
041 _amar
245 _aस्‍मृतीग्रंथ
260 _bGadgil pratisthan
_c2002
300 _a132
542 _d29-01-2002
650 _aMarathi
_937896
906 _d2001-2002
999 _c23001
_d23001